| 000 | 01376cam a22003737a 4500 | ||
|---|---|---|---|
| 001 | 13550892 | ||
| 003 | CEME | ||
| 005 | 20210628201541.0 | ||
| 008 | 040407s2004 inua 001 0 eng | ||
| 010 | _a 2004298569 | ||
| 015 | _aGBA3-U4283 | ||
| 020 | _a0764543601 | ||
| 035 | _a(OCoLC)ocm53122731 | ||
| 040 |
_aUKM _cUKM _dJRZ _dDLC |
||
| 042 | _alccopycat | ||
| 050 | 0 | 0 |
_aTK6680.5 _b.O9395 2004 |
| 082 | 0 | 4 |
_a006.7 _221 |
| 100 | 1 |
_aOzer, Jan, _d1955- _955773 |
|
| 245 | 1 | 0 |
_aGuide to digital video, PC Magazine / _cJan Ozer. |
| 246 | 1 | 4 | _aPC Magazine guide to digital video |
| 246 | 3 | 0 | _aGuide to digital video |
| 260 |
_aIndianapolis, IN : _bWiley, _cc2004. |
||
| 300 |
_axxii, 448 p. : _bill. ; _c24 cm. + _e1 CD-ROM (4 3/4 in.) |
||
| 500 | _aIncludes index. | ||
| 505 | 0 | _aBuying your equipment -- Shooting your video -- Video editing and production -- DVD production. | |
| 650 | 0 |
_aDigital video. _955774 |
|
| 650 | 0 |
_aVideo recording. _955775 |
|
| 650 | 0 |
_aDVDs _xDesign and construction. _955776 |
|
| 710 | 2 |
_aPC Magazine. _955777 |
|
| 856 | 4 | 2 |
_3Contributor biographical information _uhttp://www.loc.gov/catdir/bios/wiley047/2004298569.html |
| 856 | 4 | 2 |
_3Publisher description _uhttp://www.loc.gov/catdir/description/wiley041/2004298569.html |
| 856 | 4 | 1 |
_3Table of contents _uhttp://www.loc.gov/catdir/toc/wiley041/2004298569.html |
| 942 |
_2ddc _cBK |
||
| 999 |
_c566468 _d566468 |
||